Normal view
MARC view
- تاليف بروان، سيوم ... وآخرون، م.مشارك كورنيل، نينا، م.مشارك فابيان، لارى، م.مشارك ويس، اديت بروان؛ ترجمة فرج، فرج محمد
Entry Personal Name
001 - CONTROL NUMBER
- control field: 18292
003 - CONTROL NUMBER IDENTIFIER
- control field: JO-AjAnu
005 - DATE AND TIME OF LATEST TRANSACTION
- control field: 20230606073220.0
008 - FIXED-LENGTH DATA ELEMENTS
- fixed length control field: 230606|| aca||aabn | a|a d
040 ## - CATALOGING SOURCE
- Original cataloging agency: JO-AjAnu
- Transcribing agency: JO-AjAnu
100 ## - HEADING--PERSONAL NAME
- Personal name: تاليف بروان، سيوم ... وآخرون، م.مشارك كورنيل، نينا، م.مشارك فابيان، لارى، م.مشارك ويس، اديت بروان؛ ترجمة فرج، فرج محمد
670 ## - SOURCE DATA FOUND
- Source citation: Work cat.: (JO-AjAnu)9390: تاليف بروان، سيوم ... وآخرون، م.مشارك كورنيل، نينا، م.مشارك فابيان، لارى، م.مشارك ويس، اديت بروان؛ ترجمة فرج، فرج محمد, author, التكنولوجيا الحديثة في استغلال المحيطات والفضاء الخارجي